Summertime : (Record no. 329103)

000 -LEADER
fixed length control field 01836cam a2200337 a 4500
001 - CONTROL NUMBER
control field 15909946
003 - CONTROL NUMBER IDENTIFIER
control field Nust
005 - DATE AND TIME OF LATEST TRANSACTION
control field 20170424120503.0
008 - FIXED-LENGTH DATA ELEMENTS--GENERAL INFORMATION
fixed length control field 090917s2009 nyu 000 1 eng
010 ## - LIBRARY OF CONGRESS CONTROL NUMBER
LC control number 2009037527
020 ## - INTERNATIONAL STANDARD BOOK NUMBER
International Standard Book Number 9780670021383
020 ## - INTERNATIONAL STANDARD BOOK NUMBER
International Standard Book Number 0670021385
035 ## - SYSTEM CONTROL NUMBER
System control number (OCoLC)ocn430051430
040 ## - CATALOGING SOURCE
Original cataloging agency DLC
Transcribing agency DLC
Modifying agency IG#
-- BTCTA
-- NSB
-- UPZ
-- HSA
-- ABG
-- NSB
-- XL4
-- YDXCP
-- DLC
050 00 - LIBRARY OF CONGRESS CALL NUMBER
Classification number PR9369.3.C58
Item number S86 2009
082 00 - DEWEY DECIMAL CLASSIFICATION NUMBER
Classification number 823.914 COE
Edition number 22
100 1# - MAIN ENTRY--PERSONAL NAME
Personal name Coetzee, J. M.,
Dates associated with a name 1940-
245 10 - TITLE STATEMENT
Title Summertime :
Remainder of title fiction /
Statement of responsibility, etc. J.M. Coetzee.
250 ## - EDITION STATEMENT
Edition statement 1st American ed.
260 ## - PUBLICATION, DISTRIBUTION, ETC.
Place of publication, distribution, etc. New York :
Name of publisher, distributor, etc. Viking,
Date of publication, distribution, etc. 2009.
300 ## - PHYSICAL DESCRIPTION
Extent 266 p. ;
Dimensions 22 cm.
500 ## - GENERAL NOTE
General note Sequel to: Boyhood, and Youth.
505 0# - FORMATTED CONTENTS NOTE
Formatted contents note Notebooks 1972-75 -- Julia -- Margot -- Adriana -- Martin -- Sophie -- Notebooks: undated fragments.
520 ## - SUMMARY, ETC.
Summary, etc. In this autobiographical novel, a young English biographer is researching a book about the late South African writer John Coetzee, focusing on Coetzee in his thirties, at a time when he was living in a rundown cottage in the Cape Town suburbs with his widowed father--a time, the biographer is convinced, when Coetzee was finding himself as a writer.
650 #0 - SUBJECT ADDED ENTRY--TOPICAL TERM
Topical term or geographic name entry element Authors
Form subdivision Fiction.
650 #0 - SUBJECT ADDED ENTRY--TOPICAL TERM
Topical term or geographic name entry element Autobiographical fiction.
856 42 - ELECTRONIC LOCATION AND ACCESS
Materials specified Contributor biographical information
Uniform Resource Identifier <a href="http://www.loc.gov/catdir/enhancements/fy1005/2009037527-b.html">http://www.loc.gov/catdir/enhancements/fy1005/2009037527-b.html</a>
856 42 - ELECTRONIC LOCATION AND ACCESS
Materials specified Publisher description
Uniform Resource Identifier <a href="http://www.loc.gov/catdir/enhancements/fy1005/2009037527-d.html">http://www.loc.gov/catdir/enhancements/fy1005/2009037527-d.html</a>
906 ## - LOCAL DATA ELEMENT F, LDF (RLIN)
a 7
b cbc
c orignew
d 1
e ecip
f 20
g y-gencatlg
942 ## - ADDED ENTRY ELEMENTS (KOHA)
Source of classification or shelving scheme
Koha item type Book
Holdings
Withdrawn status Lost status Source of classification or shelving scheme Damaged status Not for loan Permanent Location Current Location Date acquired Total Checkouts Full call number Barcode Date last seen Date last checked out Price effective from Koha item type
          School of Civil and Environmental Engineering (SCEE) School of Civil and Environmental Engineering (SCEE) 04/24/2017 1 823.914 COE NIT-8457 05/09/2022 04/27/2022 04/24/2017 Book
© 2023 Central Library, National University of Sciences and Technology. All Rights Reserved.